000 00473nam a2200169Ia 4500
999 _c27747
_d27747
003 OSt
005 20210108142900.0
008 190216s9999||||xx |||||||||||||| ||und||
040 _coclc
082 _a894.812301
_bCHI/O
100 _aChiramel, Devassy
_98268
245 0 _aOrkkappurath /
_cDevassy Chiramel
260 _bCurrent Books,
_aKottayam:
300 _a58p
650 _aKathakal
942 _cBK
_2ddc
_h894.812301
_iCHI/O
_k894.812301
_mCHI/O